Технология получения керамических композиций на основе нитрида кремния методом СВС: диссертация на соискание ученой степени кандидата технических наук; спец. 05.17.11

Bibliographische Detailangaben
1. Verfasser: Витушкина О. Г. Ольга Геннадьевна
Körperschaften: Томский политехнический университет (ТПУ) Кафедра технологии силикатов и наноматериалов, Российская академия наук (РАН) Сибирское отделение (СО) Томский научный центр (ТНЦ) Отдел структурной макрокинетики
Weitere Verfasser: Чухломина Л. Н. Людмила Николаевна (научный руководитель)
Zusammenfassung:Защищена 15.09.2009 г.
Sprache:Russisch
Veröffentlicht: Томск, 2009
Schlagworte:
Format: Buch
KOHA link:https://koha.lib.tpu.ru/cgi-bin/koha/opac-detail.pl?biblionumber=168073

MARC

LEADER 00000nbm0a2200000 4500
001 168073
005 20231101222732.0
035 |a (RuTPU)RU\TPU\book\182353 
035 |a RU\TPU\book\182350 
090 |a 168073 
100 |a 20091023j20090915k y0rusy50 ca 
101 0 |a rus 
102 |a RU 
105 |a a m 001zy 
200 1 |a Технология получения керамических композиций на основе нитрида кремния методом СВС  |e диссертация на соискание ученой степени кандидата технических наук  |e спец. 05.17.11  |f О. Г. Витушкина  |g Томский политехнический университет (ТПУ), Кафедра технологии силикатов и наноматериалов ; Российская академия наук (РАН), Сибирское отделение (СО), Томский научный центр (ТНЦ), Отдел структурной макрокинетики ; науч. рук. Л. Н. Чухломина 
210 |a Томск  |d 2009 
215 |a 166 л.  |c ил. 
300 |a Защищена 15.09.2009 г. 
320 |a Библиогр.: с. 136-150 (155 назв.). 
606 1 |a Керамическое производство  |x Физико-химические свойства  |2 stltpush  |3 (RuTPU)RU\TPU\subj\34784  |9 56652 
610 1 |a керамические композиционные материалы 
610 1 |a нитрид кремния 
610 1 |a самораспространяющийся высокомолекулярный синтез 
610 1 |a керамические композиции 
610 1 |a азотирование 
610 1 |a микроструктура 
610 1 |a нитросодержащая керамика 
610 1 |a получение 
610 1 |a технологические процессы 
610 1 |a диссертации 
675 |a 666.3(04)  |v 3 
686 |a 05.17.11  |2 oksvnk 
700 1 |a Витушкина  |b О. Г.  |g Ольга Геннадьевна 
702 1 |a Чухломина  |b Л. Н.  |g Людмила Николаевна  |4 727 
712 0 2 |a Томский политехнический университет (ТПУ)  |b Кафедра технологии силикатов и наноматериалов  |c (1991- )  |2 stltpush  |3 (RuTPU)RU\TPU\col\376 
712 0 2 |a Российская академия наук (РАН)  |b Сибирское отделение (СО)  |b Томский научный центр (ТНЦ)  |b Отдел структурной макрокинетики  |2 stltpush  |3 (RuTPU)RU\TPU\col\1904 
801 1 |a RU  |b 63413507  |c 20091023 
801 2 |a RU  |b 63413507  |c 20091101  |g RCR 
942 |c BK